000 01342nam2a22002531 4500
001 v19\rc\1605980
005 20250620065419.0
035 _a(NLR Aleph) 005217311
090 _a5470104
_c5470104
100 _a20061002d18961917|||y0rusy50 ca
101 0 _arus
102 _aRU
105 _ay z |||||
200 0 _a... за 1892 и 1893 годы
210 _d1896
_aБ. м.
215 _a[2],23 с.
461 0 _1001v19\rc\1605979
_12001#$aОтчет о деятельности Церковно-приходского попечительства при церкви св. Петра Митрополита, что на Ульянке...$v... за 1892 и 1893 годы
_95470097
_aУльянкинское св. Петра Митрополита церковно-приходское попечительство (Петерб. губ.)
_cСанкт-Петербург
_d1896
_tОтчет о деятельности Церковно-приходского попечительства при церкви св. Петра Митрополита, что на Ульянке...
_v... за 1892 и 1893 годы
801 0 _aRU
_bNLR
_c20061002
_gpsbo
801 0 _aRU
_bRuMoRGB
_c20061002
_2psbo
801 1 _aRU
_bProSoft-M
_c20061002
_2rusmarc
801 2 _aRU
_bNLR
_c20070305
_2rusmarc
852 _aNLR
_j18.278.4.40(1)
942 _cBOOK
980 _aNB